Calligraphic ornaments cd-rom and book
| Format: | Book |
|---|---|
| Published: |
new york :
Dover publication ,
1999
|
| Subjects: |
MARC
| LEADER | 00000cam a2200000 7i4500 | ||
|---|---|---|---|
| 001 | 0000011797 | ||
| 005 | 20050503.0 | ||
| 020 | |a 0486999394 | ||
| 040 | |a INS | ||
| 090 | 0 | 0 | |a Z43 |b C1301 1999 |
| 245 | 1 | 0 | |a Calligraphic ornaments cd-rom and book |
| 260 | |a new york : |b Dover publication , |c 1999 | ||
| 300 | |a 32p : |b 28cm | ||
| 650 | 0 | 0 | |a calligraphy |
| 999 | |a 0000011829 |b BOOK |c Open Shelf |e Default branch | ||